| 000 | 00659nam a22001937a 4500 | ||
|---|---|---|---|
| 005 | 20240102121511.0 | ||
| 010 | _aENG-138108 | ||
| 020 |
_a9789388881357 _c1025.00 |
||
| 035 | _aEN-121640 | ||
| 037 | _bDBAD/PUB | ||
| 082 | _a371.2 | ||
| 100 |
_aKonwar, Ishmi Rekha Handique _960538 |
||
| 245 |
_aEducational Administration and Management/ _cBy Ishmi Rekha Handique Konwar and Angita Sarmah Boruah |
||
| 260 |
_aAssam _bEBH Publishers _c2021 |
||
| 270 |
_a136, M.L Nehru Road, panbazar _bGuwahati-178 ( Assam) _e781 001 |
||
| 300 |
_a140p. _c24cm(pbk) _bIndex |
||
| 700 |
_aBoruah, Angita Sarmah _956858 |
||
| 942 |
_2ddc _cEN _h371.2 _mKon |
||
| 999 |
_c198304 _d198304 |
||